| 000 | 00769nam a2200241Ia 4500 | ||
|---|---|---|---|
| 003 | GCL | ||
| 008 | 140319s9999 xx 000 0 ara d | ||
| 040 |
_aGCL / _cGCL |
||
| 082 | 0 | 4 |
_a962.43 _bى ت |
| 245 | 1 | 0 | _aتطور نظام الادارة فى السودان فى عهد الحكم الثنائى الاول 1924-1899 |
| 260 |
_a[S.N] : _bالهيئة المصرية العامة للكتاب ، _c1984 |
||
| 300 | _a365 ص | ||
| 490 | _a | ||
| 650 | 0 | 4 | _aمصر |
| 650 | 0 | 4 | _aبريطانيا |
| 650 | 0 | 4 | _aالسودان |
| 650 | 0 | 4 | _aتاريخ حديث |
| 650 | 0 | 4 | _aالادارة المحلية |
| 650 | 0 | 4 | _aالادارة العامة |
| 650 | 0 | 4 | _aالسكك الحديدية |
| 650 | 0 | 4 | _aالاحتلال العسكرى |
| 942 |
_2ddc _cBK |
||
| 999 |
_c54628 _d54628 |
||